Quiz sur les organes législatif en belgique - Statistiques

Statistiques générales
  • Ce quiz a été pris 5 fois
  • Le résultat moyen est 5 sur 13
Statistiques - réponses
Questions Réponses % Correct
Dont ... membre(s) du Parlement de la Communauté germanophone 1
75%
Combien de sièges à la chambre des représentants ? 150
75%
Dont ... membre(s) du Parlement de la Communauté française 10
50%
Combien de membres sont ensuite cooptés sur la base des résultats électoraux ? 10
50%
Dont ... membre(s) du Parlement de la Région wallonne 8
50%
Dont ... membre(s) du groupe linguistique francophone du Parlement de la Région de Bruxelles-Capitale. 2
25%
Dont ... membre(s) du Parlement flamand 29
25%
Combien de sièges au sénat ? 60
25%
Dont ... francophones. 62
25%
Et ... néerlandophones. 88
25%
Président chambre des représentants Peter De Roover (N-VA)
25%
Quel suffrage pour la chambre des représentants ? Suffrage universel
25%
Président du Sénat Vincent Blondel (Les Engagés)
0%
Aucun quiz correspondant
Distribution des résultats
% des personnes avec chaque résultat
Percentile par nombre de réponses
Votre historique - résultats
Vous n’avez pas pris ce quiz